00587 a2200181 450000100060000002000240000604000240003010000210005424000320007524500270010730000100013436200090014465000260015394200070017995201050018695200970029199900170038847249 a8508080956 (broch.) cAnchieta - Aquarius aAzevedo, Ricardo10a=Um homem no sótãolpor10a=Um homem no sótão a57p. 0 a2001 4aLiteratura brasileira cBK 00104070a87.1b87.1d2023-11-21l0o869.93 AZE UMHp5780/AQUr2023-11-21 15:14:05w2023-11-21yBK 00102ddc4070a57.2b57.2d2024-07-10l0pif1124r2024-07-10 13:32:16w2024-07-10yBKzUu c47249d47249